[Event "8th Vasylyshyn Mem IM"]
[Site "Lviv UKR"]
[Date "2011.12.06"]
[Round "8"]
[White "Zajarnyi,A"]
[Black "Buksa,N"]
[Result "0-1"]
[WhiteTitle "IM"]
[WhiteElo "2333"]
[BlackElo "2062"]
[WhiteFideId "13900315"]
[BlackFideId "14123622"]
[EventDate "2011.11.29"]
[EventType "tourn"]

1. Nf3 c5 2. b3 Nc6 3. Bb2 d5 4. e3 e6 5. Bb5 Nh6 6. O-O f6 7. d4 a6 8. Bd3 Nf7
9. c4 dxc4 10. bxc4 Be7 11. Nbd2 Qc7 12. Rc1 b6 13. Qe2 Bb7 14. Rfd1 O-O 15. Bb1
Rad8 16. Nb3 Rfe8 17. a3 Nb8 18. Qc2 g6 19. a4 Nc6 20. a5 bxa5 21. Nxc5 Bxc5 22.
dxc5 Nb4 23. Qe2 e5 24. Nh4 Kg7 25. Qg4 Bc8 26. Qg3 Rxd1+ 27. Rxd1 Rd8 28. Rf1
Nd3 29. Ba3 Be6 30. f4 exf4 31. exf4 Bxc4 32. Nf5+ Kg8 33. Nd6 Nxd6 34. cxd6
Qb6+ 35. Kh1 Qb3 36. Bxd3 Bxd3 37. Bc1 a4 38. Re1 a3 39. Qe3 a2 40. Qd4 a1=Q 41.
Qxa1 Rxd6 42. Qa5 Qc2 43. Qd2 a5 44. Qxc2 Bxc2 45. Kg1 f5 46. Kf2 Be4 47. g4 a4
48. g5 Kf7 49. Bb2 Rb6 50. Bd4 Rb3 51. Re3 Rb4 52. Bc3 Rb1 53. Re1 Rb3 54. Re3
Ke6 55. Be5 Rb5 56. Rh3 Rb7 57. Ke2 Ra7 58. Bd4 Rc7 59. Rc3 Rb7 60. Rc5 Rb3 61.
Ra5 a3 62. Be5 Rh3 63. Kd1 Bb1 64. Kc1 a2 65. Kb2 Rxh2+ 66. Ka1 Rh3 67. Rc5 Rh2
68. Ra5 Re2 69. Bf6 h5 70. gxh6 Kxf6 71. Ra6+ Kf7 72. Ra7+ Ke6 73. Ra6+ Kd5 74.
Rxg6 Rh2 75. Ra6 Ke4 0-1

[Event "8th Vasylyshyn Mem IM"]
[Site "Lviv UKR"]
[Date "2011.12.06"]
[Round "8"]
[White "Kostin,Alexe"]
[Black "Yildiz,B"]
[Result "0-1"]
[WhiteTitle "IM"]
[BlackTitle "WIM"]
[WhiteElo "2333"]
[BlackElo "2297"]
[WhiteFideId "4120736"]
[BlackFideId "6302920"]
[EventDate "2011.11.29"]
[EventType "tourn"]

1. e4 e5 2. f4 exf4 3. Bc4 Nf6 4. Nc3 c6 5. Bb3 d5 6. exd5 cxd5 7. d4 Bd6 8. Qf3
Bg4 9. Qf2 O-O 10. Nge2 Nc6 11. O-O Rc8 12. Bxf4 Bxe2 13. Nxe2 Na5 14. Bxd6 Qxd6
15. Ng3 Nxb3 16. axb3 Ne4 17. Nxe4 dxe4 18. Rxa7 e3 19. Qxe3 Qb6 20. Ra4 Rxc2
21. Rf2 Qc6 22. Rxc2 Qxc2 23. h3 Qxb2 24. d5 Qf6 25. Qd4 Qd6 26. Ra1 Re8 27. b4
Rc8 28. Rd1 h5 29. Qe4 g6 30. Qd4 b6 31. Rf1 Rc2 32. Ra1 Rc8 33. Ra6 Qg3 34. Qd2
Qd6 35. Qe3 Qxd5 36. Rxb6 Rc2 37. Rb8+ Kg7 38. Qg3 h4 39. Qg4 Rc1+ 40. Kf2 Qd2+
41. Qe2 Qf4+ 0-1

[Event "8th Vasylyshyn Mem IM"]
[Site "Lviv UKR"]
[Date "2011.12.07"]
[Round "9"]
[White "Yildiz,B"]
[Black "Nester,I"]
[Result "1/2-1/2"]
[WhiteTitle "WIM"]
[BlackTitle "IM"]
[WhiteElo "2297"]
[BlackElo "2341"]
[WhiteFideId "6302920"]
[BlackFideId "14107600"]
[EventDate "2011.11.29"]
[EventType "tourn"]

1. e4 c5 2. d4 d5 3. Nd2 dxe4 4. Nxe4 Bf5 5. Ng3 Bg6 6. h4 h6 7. Nf3 Nf6 8. h5
Bh7 9. Bd3 Bxd3 10. Qxd3 e6 11. Bd2 Be7 12. O-O-O Nbd7 13. Ne4 Nxe4 14. Qxe4 Nf6
15. Qd3 O-O 1/2-1/2

[Event "8th Vasylyshyn Mem IM"]
[Site "Lviv UKR"]
[Date "2011.12.07"]
[Round "9"]
[White "Buksa,N"]
[Black "Kostin,Alexe"]
[Result "1-0"]
[BlackTitle "IM"]
[WhiteElo "2062"]
[BlackElo "2333"]
[WhiteFideId "14123622"]
[BlackFideId "4120736"]
[EventDate "2011.11.29"]
[EventType "tourn"]

1. e4 c5 2. Nf3 e6 3. d4 cxd4 4. Nxd4 a6 5. Bd3 Nf6 6. Be3 Qc7 7. Nc3 Nc6 8. O-O
Ne5 9. h3 Bc5 10. Kh1 d6 11. Qe1 Bd7 12. f4 Nxd3 13. cxd3 Qb6 14. Qf2 O-O 15. g4
e5 16. Nf5 Bxe3 17. Qxe3 Qxb2 18. fxe5 Nxg4 19. hxg4 Bxf5 20. Na4 Qb4 21. gxf5
f6 22. Nb6 dxe5 23. Nxa8 Rxa8 24. Rab1 Qe7 25. Qb6 Qe8 26. Rb2 Rd8 27. Rg2 Rxd3
28. Qxb7 Qh5+ 29. Kg1 g5 30. fxg6 hxg6 31. Qc8+ Kg7 32. Qxa6 Rf3 33. Qa7+ Kh6
34. Rxf3 Qxf3 35. Rh2+ Kg5 36. Qf2 Qxe4 37. Qg2+ Kf5 38. Qxe4+ Kxe4 39. a4 Kd5
40. a5 Kc6 41. Rb2 1-0

[Event "8th Vasylyshyn Mem IM"]
[Site "Lviv UKR"]
[Date "2011.12.07"]
[Round "9"]
[White "Petrosyan,T1"]
[Black "Zajarnyi,A"]
[Result "1/2-1/2"]
[BlackTitle "IM"]
[WhiteElo "2255"]
[BlackElo "2333"]
[WhiteFideId "13303678"]
[BlackFideId "13900315"]
[EventDate "2011.11.29"]
[EventType "tourn"]

1. d4 Nc6 2. d5 Ne5 3. e4 e6 4. dxe6 dxe6 5. Qxd8+ Kxd8 6. Nc3 Nf6 7. f4 Ng6 8.
e5 Nd5 9. Nxd5 exd5 10. Nf3 Bc5 11. Bd2 Bf5 12. Bd3 Bxd3 13. cxd3 f5 14. Rc1 Bb6
15. d4 Nf8 16. Ke2 Ne6 17. Be3 Kd7 18. Rhg1 c6 19. g4 fxg4 20. Rxg4 Raf8 21. Ng5
Nxd4+ 22. Bxd4 Bxd4 23. Nf3 Bb6 24. Rxg7+ Kc8 25. Ng5 Rxf4 26. Nf7 Rf8 27. Nd6+
Kb8 28. Rxb7+ Ka8 29. Rxc6 Re4+ 30. Nxe4 Kxb7 31. Rf6 Rxf6 32. Nxf6 Bd4 33. Nxh7
Bxe5 34. h4 Bxb2 35. Kd3 Kc6 36. Ng5 Bf6 37. Nf3 Kc5 38. h5 1/2-1/2

[Event "8th Vasylyshyn Mem IM"]
[Site "Lviv UKR"]
[Date "2011.12.07"]
[Round "9"]
[White "Vetoshko,V"]
[Black "Shtembuliak,E"]
[Result "1-0"]
[BlackTitle "FM"]
[WhiteElo "2242"]
[BlackElo "2119"]
[WhiteFideId "14122480"]
[BlackFideId "14113325"]
[EventDate "2011.11.29"]
[EventType "tourn"]

1. e4 e6 2. d4 d5 3. Nc3 Nc6 4. Nf3 Nf6 5. e5 Ne4 6. Bd3 Bb4 7. Bd2 Nxd2 8. Qxd2
Bd7 9. a3 Be7 10. Ne2 a6 11. h4 Nxd4 12. Nexd4 c5 13. Rh3 cxd4 14. Rg3 g6 15. h5
Qc7 16. O-O-O O-O-O 17. Re1 Rdf8 18. Nxd4 Kb8 19. Rh3 Qd8 20. g4 f6 21. exf6
Bxf6 22. Qb4 Bxd4 23. Qxd4 Ka8 24. hxg6 hxg6 25. Rxh8 Rxh8 26. Kb1 Rf8 27. Bxg6
Qf6 28. Qxf6 Rxf6 29. Bh7 Rf7 30. Bd3 e5 31. Rxe5 Bxg4 32. Rg5 Be6 33. Rg2 Kb8
34. Kc1 Kc7 35. Kd2 Kd6 36. Ke3 Bf5 37. Bxf5 Rxf5 38. f4 Rf7 39. Rg6+ Kc5 40.
Re6 a5 41. Re5 Kd6 42. Rg5 Rf8 43. f5 Ke5 44. f6+ Ke6 45. Kd4 Rxf6 46. Re5+ Kd6
47. Rxd5+ Kc6 48. Rxa5 Rf4+ 49. Ke3 Rf1 50. Kd3 Rf3+ 51. Ke2 Rh3 52. Rf5 Rh1 53.
Kd3 Rh3+ 54. Kc4 b5+ 55. Kb4 Rh4+ 56. Kb3 Rh3+ 57. c3 Rh4 58. Rf2 Kc5 59. Rd2
Rg4 60. Rd4 Rg2 61. a4 bxa4+ 62. Rxa4 Kb5 63. Rh4 1-0

[Event "45th ch-RSA 2011"]
[Site "Cape Town RSA"]
[Date "2011.11.26"]
[Round "1"]
[White "Kobese,W"]
[Black "Mosetlhe,K"]
[Result "1/2-1/2"]
[WhiteTitle "IM"]
[WhiteElo "2355"]
[BlackElo "2138"]
[WhiteFideId "14300141"]
[BlackFideId "14301610"]
[EventDate "2011.11.26"]
[EventType "tourn"]

1. e4 e5 2. Nf3 Nc6 3. Bb5 a6 4. Ba4 Nf6 5. O-O b5 6. Bb3 Be7 7. a4 b4 8. a5 O-O
9. d3 h6 10. Nbd2 d6 11. h3 Be6 12. Nc4 Qc8 13. Re1 Rd8 14. Bd2 Qb7 15. Qe2 Bf8
16. Be3 Ne7 17. Ra4 Bd7 18. Raa1 Be6 19. Nh2 Ng6 20. Nf3 Rab8 21. Bd2 Qc6 22.
Ba4 Qb7 23. Bb3 Qc6 1/2-1/2

[Event "45th ch-RSA 2011"]
[Site "Cape Town RSA"]
[Date "2011.11.26"]
[Round "1"]
[White "Van Rensburg,R"]
[Black "Klaver,C"]
[Result "1/2-1/2"]
[WhiteElo "2103"]
[BlackElo "2098"]
[WhiteFideId "14301261"]
[BlackFideId "14301725"]
[EventDate "2011.11.26"]
[EventType "tourn"]

1. c4 Nf6 2. Nc3 g6 3. d4 c6 4. e4 d5 5. e5 Ne4 6. Bd3 Nxc3 7. bxc3 Bg7 8. cxd5
cxd5 9. Ne2 O-O 10. O-O Nc6 11. f4 Na5 12. Rb1 Qc7 13. Bd2 Nc4 14. Ng3 Bg4 15.
Qe1 Nxd2 16. Qxd2 Rac8 17. Rb3 a5 18. a4 Bd7 19. Bb5 Bxb5 20. Rxb5 Qxc3 21. Qxc3
Rxc3 22. Rxd5 Rc4 23. Rxa5 Rxd4 1/2-1/2

[Event "45th ch-RSA 2011"]
[Site "Cape Town RSA"]
[Date "2011.11.26"]
[Round "1"]
[White "Ovcina,D"]
[Black "Dole,A"]
[Result "0-1"]
[WhiteElo "2249"]
[BlackElo "2113"]
[WhiteFideId "14300460"]
[BlackFideId "14301490"]
[EventDate "2011.11.26"]
[EventType "tourn"]

1. Nf3 d5 2. b3 c6 3. Bb2 Nf6 4. g3 Bf5 5. Bg2 e6 6. d3 Nbd7 7. Nbd2 Be7 8. O-O
h6 9. e4 dxe4 10. dxe4 Bh7 11. Qe2 O-O 12. Rad1 Qc7 13. e5 Nd5 14. Nc4 Rfd8 15.
Ne1 b5 16. Nd6 b4 17. Qg4 a5 18. Nd3 Nc3 19. Bxc3 bxc3 20. Qf3 Bxd6 21. exd6
Qxd6 22. Qxc6 Qxc6 23. Bxc6 Rac8 24. Bb7 Rb8 25. Bg2 Nb6 26. Rfe1 Nd5 27. a3 Nc7
28. Be4 Nb5 29. Bxh7+ Kxh7 30. Ne5 Nxa3 31. Nc6 Rxd1 32. Rxd1 Rb5 33. Nd4 Rd5
34. Ra1 e5 35. Rxa3 exd4 36. Kf1 d3 37. cxd3 c2 38. Ra1 Rxd3 39. Ke2 Rxb3 40.
Rc1 Rc3 0-1

[Event "45th ch-RSA 2011"]
[Site "Cape Town RSA"]
[Date "2011.11.27"]
[Round "2"]
[White "Dole,A"]
[Black "Cawdery,D"]
[Result "1/2-1/2"]
[BlackTitle "CM"]
[WhiteElo "2113"]
[BlackElo "2269"]
[WhiteFideId "14301490"]
[BlackFideId "14300249"]
[EventDate "2011.11.26"]
[EventType "tourn"]

1. e4 c5 2. Nf3 d6 3. d4 cxd4 4. Nxd4 Nf6 5. Nc3 g6 6. Be3 Bg7 7. f3 O-O 8. Qd2
Nc6 9. Bc4 Bd7 10. O-O-O Rc8 11. Bb3 Nxd4 12. Bxd4 b5 13. Nd5 Nxd5 14. Bxg7 Kxg7
15. exd5 a5 16. a3 b4 17. axb4 axb4 18. Qxb4 Kg8 19. Kd2 e5 20. h4 Qf6 21. Rde1
Rc5 22. Re3 Rb5 23. Qa3 Qf4 24. Ke2 Qg3 25. Kf1 Rc5 26. Qa1 Bf5 27. Qd1 Rfc8 28.
c4 Qf4 29. Kf2 Rb8 30. h5 Qd4 31. g4 1/2-1/2

[Event "45th ch-RSA 2011"]
[Site "Cape Town RSA"]
[Date "2011.11.27"]
[Round "2"]
[White "Van den Heever,D"]
[Black "Ovcina,D"]
[Result "1/2-1/2"]
[WhiteTitle "CM"]
[WhiteElo "2287"]
[BlackElo "2249"]
[WhiteFideId "14300494"]
[BlackFideId "14300460"]
[EventDate "2011.11.26"]
[EventType "tourn"]

1. e4 c6 2. d4 g6 3. Nc3 d5 4. h3 Bg7 5. Nf3 Nf6 6. e5 Ne4 7. Nxe4 dxe4 8. Ng5
c5 9. Bc4 O-O 10. e6 f6 11. Nxe4 b5 12. Be2 cxd4 13. Bf3 Nc6 14. O-O Qb6 15. Re1
Bb7 16. Bf4 Rad8 17. Qd2 a5 18. h4 Ne5 19. Bxe5 fxe5 20. Qg5 Bxe4 21. Rxe4 Qxe6
22. h5 gxh5 23. Qxh5 Qg6 24. Qxg6 hxg6 25. Be2 1/2-1/2

[Event "45th ch-RSA 2011"]
[Site "Cape Town RSA"]
[Date "2011.11.27"]
[Round "2"]
[White "Klaver,C"]
[Black "Klaasen,C"]
[Result "1/2-1/2"]
[WhiteElo "2098"]
[BlackElo "2093"]
[WhiteFideId "14301725"]
[BlackFideId "14300133"]
[EventDate "2011.11.26"]
[EventType "tourn"]

1. d4 Nf6 2. c4 e6 3. Bg5 h6 4. Bh4 Bb4+ 5. Nd2 g5 6. Bg3 Ne4 7. Nf3 h5 8. h4 g4
9. Qb3 Nc6 10. a3 Nxd4 11. Nxd4 Bxd2+ 12. Kd1 Bh6 13. Nb5 d6 14. Qd3 f5 15. Kc2
O-O 16. Rd1 a6 17. Nc3 Nc5 18. Qd4 f4 19. b4 e5 20. Qd2 Bf5+ 21. Kb2 Ne6 22. e4
Bg6 23. f3 Kh7 24. Bf2 g3 25. Bg1 Bg7 26. Nd5 c5 27. Nc3 Nd4 28. Bxd4 exd4 29.
Nd5 Be5 30. Bd3 Be8 31. Rb1 Bc6 32. Ka2 Rf7 33. Rb2 b5 34. Qe2 Rfa7 35. Rb3 Rb7
36. Qd2 Rf7 37. Qe2 Rb7 38. Qd2 Rf7 39. Qe2 Be8 40. cxb5 axb5 41. Bxb5 Rb7 42.
Bxe8 Qxe8 43. Rhb1 Qc8 44. Rc1 Ra4 45. Rc4 Qa8 46. Qc2 Qa6 1/2-1/2

[Event "45th ch-RSA 2011"]
[Site "Cape Town RSA"]
[Date "2011.11.27"]
[Round "2"]
[White "Mosetlhe,K"]
[Black "Van Rensburg,R"]
[Result "1-0"]
[WhiteElo "2138"]
[BlackElo "2103"]
[WhiteFideId "14301610"]
[BlackFideId "14301261"]
[EventDate "2011.11.26"]
[EventType "tourn"]

1. d4 g6 2. c4 Bg7 3. Nc3 c5 4. d5 Bxc3+ 5. bxc3 f5 6. e3 Qa5 7. Bd2 Nf6 8. Bd3
d6 9. Ne2 Nbd7 10. f4 Nb6 11. Ng3 e6 12. e4 fxe4 13. Nxe4 Nxe4 14. Bxe4 Qa6 15.
Qf3 Qxc4 16. dxe6 Qxe6 17. O-O d5 18. Rae1 O-O 19. Bd3 Qf7 20. g4 Bd7 21. f5 Bc6
22. Qh3 gxf5 23. Rxf5 Qd7 24. Rg5+ 1-0

[Event "45th ch-RSA 2011"]
[Site "Cape Town RSA"]
[Date "2011.11.27"]
[Round "2"]
[White "Bouah,L"]
[Black "Kobese,W"]
[Result "1/2-1/2"]
[WhiteTitle "CM"]
[BlackTitle "IM"]
[WhiteElo "2148"]
[BlackElo "2355"]
[WhiteFideId "14300052"]
[BlackFideId "14300141"]
[EventDate "2011.11.26"]
[EventType "tourn"]

1. d4 Nf6 2. c4 e6 3. Nc3 Bb4 4. e3 O-O 5. Bd3 Nc6 6. Ne2 e5 7. d5 Nb8 8. a3
Bxc3+ 9. Nxc3 a5 10. Rb1 d6 11. O-O Na6 12. e4 h6 13. b4 c6 14. Qe2 axb4 15.
axb4 c5 16. bxc5 dxc5 17. f4 Nb4 18. f5 b6 19. Qf3 Ba6 20. Be2 Kh8 21. g4 Nh7
22. Qg3 f6 23. h4 Bc8 24. Rf2 Kg8 25. Rh2 Bd7 26. g5 fxg5 27. hxg5 Nxg5 28. Qxe5
Nd3 29. Qg3 Nxc1 30. Rxc1 Ra3 31. Bd3 1/2-1/2

[Event "45th ch-RSA 2011"]
[Site "Cape Town RSA"]
[Date "2011.11.27"]
[Round "3"]
[White "Van Rensburg,R"]
[Black "Bouah,L"]
[Result "1/2-1/2"]
[BlackTitle "CM"]
[WhiteElo "2103"]
[BlackElo "2148"]
[WhiteFideId "14301261"]
[BlackFideId "14300052"]
[EventDate "2011.11.26"]
[EventType "tourn"]

1. d4 Nf6 2. c4 g6 3. f3 Bg7 4. e4 d6 5. Nc3 O-O 6. Bg5 Nc6 7. Nge2 a6 8. Qd2
Rb8 9. d5 Na5 10. Nc1 c5 11. Bh6 Re8 12. Bxg7 Kxg7 13. a3 Qc7 14. g4 e5 15. Bd3
Bd7 16. a4 Rf8 17. N3e2 h5 18. g5 Nh7 19. f4 exf4 20. Nxf4 Rbe8 21. Qc3+ Kg8 22.
Rg1 Bf5 23. Nce2 Bg4 24. h4 Re5 25. Kd2 Rfe8 26. Ng3 Qb6 27. Kc2 Nf8 28. Rge1
Nd7 29. Bf1 R5e7 1/2-1/2

[Event "45th ch-RSA 2011"]
[Site "Cape Town RSA"]
[Date "2011.11.27"]
[Round "3"]
[White "Ovcina,D"]
[Black "Klaver,C"]
[Result "1-0"]
[WhiteElo "2249"]
[BlackElo "2098"]
[WhiteFideId "14300460"]
[BlackFideId "14301725"]
[EventDate "2011.11.26"]
[EventType "tourn"]

1. d4 Nf6 2. Nf3 b5 3. e3 a6 4. c4 c6 5. b3 d5 6. Bd3 g6 7. Nbd2 Bg7 8. Qc2 O-O
9. Bb2 Re8 10. O-O Nbd7 11. Rad1 Bb7 12. e4 dxe4 13. Nxe4 Nxe4 14. Bxe4 Qb6 15.
Ne5 Rad8 16. f4 f5 17. Bf3 Bxe5 18. c5 Bxd4+ 19. Bxd4 Qc7 20. Qc3 Nf6 21. Be5
Qc8 22. Bxf6 Rxd1 23. Rxd1 exf6 24. Qxf6 Qe6 25. Qc3 Kf7 26. Kf2 Qf6 27. Rd7+
Re7 28. Qd2 Qe6 29. Rd6 Qc8 30. Qd4 Qe8 31. Rd8 Re4 32. Bxe4 1-0

[Event "45th ch-RSA 2011"]
[Site "Cape Town RSA"]
[Date "2011.11.27"]
[Round "3"]
[White "Cawdery,D"]
[Black "Van den Heever,D"]
[Result "1/2-1/2"]
[WhiteTitle "CM"]
[BlackTitle "CM"]
[WhiteElo "2269"]
[BlackElo "2287"]
[WhiteFideId "14300249"]
[BlackFideId "14300494"]
[EventDate "2011.11.26"]
[EventType "tourn"]

1. e4 c6 2. d4 d5 3. Nc3 dxe4 4. Nxe4 Nd7 5. Bc4 Ngf6 6. Ng5 e6 7. Qe2 Nb6 8.
Bd3 h6 9. N5f3 c5 10. dxc5 Bxc5 11. Ne5 Nbd7 12. Ngf3 1/2-1/2

[Event "45th ch-RSA 2011"]
[Site "Cape Town RSA"]
[Date "2011.11.27"]
[Round "3"]
[White "Steel,H"]
[Black "Dole,A"]
[Result "1-0"]
[WhiteTitle "FM"]
[WhiteElo "2388"]
[BlackElo "2113"]
[WhiteFideId "14300567"]
[BlackFideId "14301490"]
[EventDate "2011.11.26"]
[EventType "tourn"]

1. e4 e6 2. d4 d5 3. Nc3 Bb4 4. e5 c5 5. a3 Bxc3+ 6. bxc3 Ne7 7. h4 Qc7 8. Nf3
b6 9. h5 h6 10. a4 Ba6 11. Bb5+ Bxb5 12. axb5 Nd7 13. O-O O-O 14. Re1 Rfc8 15.
Re2 a6 16. bxa6 cxd4 17. Ba3 Nf5 18. g4 Qxc3 19. Rd2 Nh4 20. Nxh4 Nxe5 21. Bd6
Nc6 22. Nf3 Qc4 23. Nxd4 Rxa6 24. Rxa6 Qxa6 25. Nxc6 Rxc6 26. Bb4 Qc4 27. c3 Qf4
28. Rd4 Qe5 29. Qf3 b5 30. Qe3 Qc7 31. Qe2 Rc4 32. Rxc4 bxc4 33. Qe3 Kh7 34. Kg2
Qc6 35. Kg3 Qa4 36. Bc5 Qd7 37. f4 Kg8 38. Qe5 f6 39. Qd6 Qc8 40. Qe7 Qa6 41. g5
fxg5 42. Bd4 gxf4+ 43. Kf3 1-0

[Event "45th ch-RSA 2011"]
[Site "Cape Town RSA"]
[Date "2011.11.28"]
[Round "4"]
[White "Klaver,C"]
[Black "Cawdery,D"]
[Result "1/2-1/2"]
[BlackTitle "CM"]
[WhiteElo "2098"]
[BlackElo "2269"]
[WhiteFideId "14301725"]
[BlackFideId "14300249"]
[EventDate "2011.11.26"]
[EventType "tourn"]

1. d4 Nf6 2. c4 g6 3. Nc3 Bg7 4. e4 d6 5. h3 O-O 6. Bd3 c5 7. d5 e6 8. Nge2 exd5
9. exd5 Nbd7 10. f4 Ne8 11. O-O f5 12. Qc2 Nc7 13. Be3 Kh8 14. Rae1 Nf6 15. a4
Bd7 16. Bd2 Na6 17. Na2 Rc8 18. Qb3 1/2-1/2

[Event "45th ch-RSA 2011"]
[Site "Cape Town RSA"]
[Date "2011.11.28"]
[Round "4"]
[White "Mosetlhe,K"]
[Black "Ovcina,D"]
[Result "1-0"]
[WhiteElo "2138"]
[BlackElo "2249"]
[WhiteFideId "14301610"]
[BlackFideId "14300460"]
[EventDate "2011.11.26"]
[EventType "tourn"]

1. d4 Nf6 2. c4 g6 3. g3 Bg7 4. Bg2 O-O 5. Nc3 d6 6. Nf3 c6 7. h3 Qa5 8. O-O Qa6
9. Nd2 Nfd7 10. e3 e5 11. d5 Nb6 12. Qb3 N8d7 13. dxc6 bxc6 14. Bxc6 Nc5 15. Qb5
Bxh3 16. Qxa6 Nxa6 17. Bxa8 Bxf1 18. Kxf1 Rxa8 19. e4 Bh6 20. b3 f5 21. Nf3 Bg7
22. Be3 Nc5 23. Rd1 Bf8 24. exf5 Nbd7 25. fxg6 hxg6 26. Nb5 Ne4 27. Ng5 Ndf6 28.
Nxe4 Nxe4 29. Bxa7 Kf7 30. a4 Ke7 31. Be3 Kd7 32. Ke2 Be7 33. Kd3 Nf6 34. Nc3
Rb8 35. Rb1 Bd8 36. b4 Ra8 37. a5 Ke6 38. Ra1 d5 39. Nxd5 Nxd5 40. cxd5+ Kxd5
41. a6 e4+ 42. Kc2 Kc4 43. a7 Kb5 44. Kb3 Bc7 45. Rh1 Be5 46. Rd1 Kc6 47. Kc4
Rc8 48. b5+ Kb7+ 49. Bc5 Bxg3 50. fxg3 e3 51. Rd7+ 1-0

[Event "45th ch-RSA 2011"]
[Site "Cape Town RSA"]
[Date "2011.11.28"]
[Round "4"]
[White "Bouah,L"]
[Black "Klaasen,C"]
[Result "1/2-1/2"]
[WhiteTitle "CM"]
[WhiteElo "2148"]
[BlackElo "2093"]
[WhiteFideId "14300052"]
[BlackFideId "14300133"]
[EventDate "2011.11.26"]
[EventType "tourn"]

1. d4 Nf6 2. c4 e6 3. Nc3 Bb4 4. e3 c5 5. Bd3 O-O 6. Ne2 cxd4 7. exd4 d5 8. cxd5
Nxd5 9. O-O Nf6 10. a3 Be7 11. Nf4 Nbd7 12. d5 e5 13. Nh5 1/2-1/2

[Event "45th ch-RSA 2011"]
[Site "Cape Town RSA"]
[Date "2011.11.28"]
[Round "4"]
[White "Kobese,W"]
[Black "Van Rensburg,R"]
[Result "1-0"]
[WhiteTitle "IM"]
[WhiteElo "2355"]
[BlackElo "2103"]
[WhiteFideId "14300141"]
[BlackFideId "14301261"]
[EventDate "2011.11.26"]
[EventType "tourn"]

1. Nf3 c5 2. g3 Nc6 3. d4 d5 4. Bg2 Nf6 5. O-O g6 6. dxc5 Bg7 7. c4 d4 8. e3
dxe3 9. Qxd8+ Nxd8 10. Bxe3 Bf5 11. Na3 O-O 12. h3 Be4 13. Rfe1 Ne6 14. Ng5 Nxg5
15. Bxg5 Bxg2 16. Kxg2 h6 17. Be3 Nh7 18. Rab1 Rfd8 19. Nb5 Rd7 20. Red1 Nf8 21.
Rxd7 Nxd7 22. Rd1 Ne5 23. b3 a6 24. Nc7 Rc8 25. Nd5 Nc6 26. b4 e6 27. Nb6 Rd8
28. Rxd8+ Nxd8 29. b5 1-0

[Event "45th ch-RSA 2011"]
[Site "Cape Town RSA"]
[Date "2011.11.29"]
[Round "5"]
[White "Klaasen,C"]
[Black "Kobese,W"]
[Result "0-1"]
[BlackTitle "IM"]
[WhiteElo "2093"]
[BlackElo "2355"]
[WhiteFideId "14300133"]
[BlackFideId "14300141"]
[EventDate "2011.11.26"]
[EventType "tourn"]

1. d4 d5 2. c4 e6 3. Nf3 c5 4. cxd5 exd5 5. Nc3 Nc6 6. g3 Nf6 7. Bg2 Be7 8. O-O
O-O 9. Bg5 cxd4 10. Nxd4 h6 11. Be3 Re8 12. Rc1 Bf8 13. h3 Na5 14. b3 Bd6 15.
Qd3 Nc6 16. Nc2 Be5 17. Rfd1 Qa5 18. Bd2 Qc5 19. Nxd5 Nxd5 20. Bxd5 Bxh3 21.
Bxh6 Bd4 22. Qf3 Ne5 23. Bxf7+ Kh8 24. Qh5 Bxf2+ 25. Kh2 Bg4 26. Qg5 Qf8 27.
Bxe8 Rxe8 28. Kg2 Bxe2 29. Bxg7+ Qxg7 30. Rh1+ Kg8 31. Qxg7+ Kxg7 32. Kxf2 Nd3+
33. Kg2 Nxc1 34. Nd4 Nd3 35. a3 Bg4 36. Rf1 Kg6 37. b4 a6 38. Rh1 Re4 0-1

[Event "45th ch-RSA 2011"]
[Site "Cape Town RSA"]
[Date "2011.11.29"]
[Round "5"]
[White "Ovcina,D"]
[Black "Bouah,L"]
[Result "1-0"]
[BlackTitle "CM"]
[WhiteElo "2249"]
[BlackElo "2148"]
[WhiteFideId "14300460"]
[BlackFideId "14300052"]
[EventDate "2011.11.26"]
[EventType "tourn"]

1. d4 Nf6 2. c4 g6 3. Nc3 Bg7 4. e4 d6 5. f3 O-O 6. Be3 Nc6 7. Nge2 a6 8. h4 h5
9. Qd2 Rb8 10. a4 Re8 11. Rb1 a5 12. Nb5 Nb4 13. Nc1 c6 14. Na3 Qc7 15. Nd3
Nxd3+ 16. Bxd3 e5 17. d5 Bd7 18. Rc1 Rec8 19. b3 Kh7 20. Kd1 Ng8 21. Qf2 c5 22.
Kc2 Bh6 23. Rcg1 Bxe3 24. Qxe3 Kg7 25. g4 Nf6 26. Be2 Rh8 27. Nb1 Qd8 28. Nd2
Qe7 29. Qc3 b6 30. g5 Nh7 31. f4 Rbe8 32. Nf3 Bg4 33. fxe5 dxe5 34. d6 Qxd6 35.
Rd1 Qc7 36. Rd5 Bxf3 37. Bxf3 Re7 38. Rhd1 Rhe8 39. Bg2 f6 40. Qg3 fxg5 41. hxg5
Rf7 42. Bh3 Nf8 43. Rd6 Kg8 44. Qd3 Qe7 45. Rg1 Rf2+ 46. Kb1 Qf7 47. Bf5 gxf5
48. g6 Qb7 49. exf5 e4 50. Qe3 Rxf5 51. g7 Ne6 52. Qh6 Ng5 53. Qh8+ Kf7 54.
Qxh5+ Kxg7 55. Rxg5+ Rxg5 56. Qxg5+ Kf7 57. Qg6+ 1-0

[Event "45th ch-RSA 2011"]
[Site "Cape Town RSA"]
[Date "2011.11.29"]
[Round "5"]
[White "Cawdery,D"]
[Black "Mosetlhe,K"]
[Result "1-0"]
[WhiteTitle "CM"]
[WhiteElo "2269"]
[BlackElo "2138"]
[WhiteFideId "14300249"]
[BlackFideId "14301610"]
[EventDate "2011.11.26"]
[EventType "tourn"]

1. e4 e5 2. Nf3 Nc6 3. Bb5 a6 4. Ba4 Nf6 5. O-O Be7 6. d4 exd4 7. e5 Ne4 8. Nxd4
Nc5 9. Nf5 g6 10. Bxc6 dxc6 11. Nxe7 Qxe7 12. Bh6 Ne6 13. Nc3 Qh4 14. Be3 Bd7
15. f4 f5 16. exf6 Qxf6 17. Ne4 Qf5 18. Ng3 Qd5 19. f5 Qxd1 20. Raxd1 gxf5 21.
Nxf5 O-O-O 22. Bf2 Rdf8 23. Bh4 Nf4 24. Ne7+ Kb8 25. Rd2 Bg4 26. Rdf2 Ng6 27.
Nxg6 1-0